000 00354 a2200157 4500
001 74174
020 _a850601541-3
040 _cAnchieta - Colégio São Paulo
240 1 0 _aFloresta tropical
_lpor
245 1 0 _aFloresta tropical
300 _a32
362 0 _a1996
440 1 _aMelhoramentos
650 4 _aCiência da vida - Biologia
942 _cBK
999 _c74174
_d74174